000
00245nam a22001097a 4500
999
_c
169835
_d
169835
082
_a
_b
100
_a
Anil Kumar K
245
_a
Thiruvarppu sanchara swathanthrya samaram/
_c
by Anil Kumar K.
260
_a
_b
_c
650
_a
942
_c
BK